000 005120000a22001930004500
001 002605
003 MACL
005 20151001152415.0
008 151001b xxu||||| |||| 00| 0 eng d
040 _aMACL
_cMACL
041 _aEnglish
082 _a900/BHA
100 _aBhattacharya, B.K.
_913070
245 _aIndia's Freedom Movement
_bLegacy of Bipin Chandra Pal
_cB.K. Bhattacharya
260 _aNew Delhi
_c2007
_bBhattacharya, B.K.,
350 _a495
650 _aHistory
_913071
942 _k900
_cBK
_2ddc
999 _c14514
_d14514